Il tempio /

Guardat en:
Dades bibliogràfiques
Autor principal: Spender, Stephen
Altres autors: Osimo, Bruno
Format: Llibre
Publicat: Milano Anabasi 1994
Edició:2. ed.
Etiquetes: Afegir etiqueta
Sense etiquetes, Sigues el primer a etiquetar aquest registre!

MARC

LEADER 00000nam a22000007i 4500
001 CDOM0000001206
003 mi
005 20250905222943.0
008 940622s1994 it |||||| ||||| |||||c
020 |a 884171025X 
040 |c mi 
082 |a 823.914 
100 |a Spender, Stephen 
245 1 |a Il tempio /  |c Stephen Spender ; traduzione dall'inglese di Bruno Osimo. 
250 |a 2. ed. 
260 |a Milano  |b Anabasi  |c 1994 
300 |a 236 p.  |c 22 cm. 
700 |a Osimo, Bruno 
942 |2 ddc  |c BK 
952 |0 0  |1 0  |2 ddc  |4 0  |6 B_LNR02SPESTTEM11  |7 0  |9 5359  |a MI  |b MI  |d 2005-08-26  |i 4703  |l 0  |o B-LNR02-SPEST-TEM11  |p CDOM4703  |r 2025-07-13 16:27:00  |w 2025-07-13  |x ACQUISTO  |y BK 
999 |c 4275  |d 4275